000 00262nam a22001217a 4500
008 180807b xxu||||| |||| 00| 0 eng d
082 _a813.52
245 _aEval
_cLUNDHOLM.R
260 _c2004
300 _a1
_fCD
440 _x9780072819366
942 _2ddc
_cMX
999 _c46926
_d46926